000 01500nam a2200349 a 4500
001 0000387
003 DO-SdBNP
005 20180306083359.0
007 0000387
008 150817s2000 ac spa d
020 _a8482611984
040 _aBPMSU
_bspa
_cBPMSU
092 _a372.61
_bI37e 3ro. 2000
100 1 _aIncháustegui, María Isabel
245 1 0 _aEspañol 3
_beducación básica /
_cMaría Isabel Incháustegui ; ilustración Ruddy Núñez ; dirección editorial Obdulia García de Escobar
260 _aSanto Domingo :
_bSantillana,
_c2000.
300 _a175 p :
_bil. retrs.
_c28 cm.
490 0 _aUmbral
505 1 _t¿A qué región perteneces? --
_tHablemos del pasado --
_tEl valor de la amistad --
_tYo sí, y tú ¿estás de acuerdo? --
_tFauna dominicana --
_tLa defensa de la naturaleza --
_tHablemos del espacio --
_tDe inversiones e inventos --
_tEn una barquita de plata y cristal --
_tLugares de ensueño y encanto --
_tPara cosechar hay que sembrar --
_tA trabajar --
_tLa salud y el sueño --
650 _aGRAMÁTICA
_xENSEÑANZA BÁSICA
650 _aGRAMÁTICA
_xEDUCACIÓN PRIMARIA
650 _aEDUCACIÓN BÁSICA
_zREPÚBLICA DOMINICANA
650 _aGRAMÁTICA
_xLIBROS DE TEXTO
650 _aGRAMÁTICA
_xESTUDIOS Y EJERCICIOS
700 1 _aNúñez, Ruddy
_eil.
700 1 _aGarcía de Escobar, Obdulia
_edir. ed.
830 0 _aUmbral
910 _a00144
942 _2ddc
_cBK
945 _ainventariado, 2018 / dg
956 _aYngrid Lockward
_b10
999 _c10117
_d10117